Рамо до рамо със съветските комсомолци (Запис номер 378043)
[ съкратено ]
| 000 -Лидер | |
|---|---|
| Контролно поле с фиксирана дължина | 01313nam a2200313 c 4500 |
| 003 - Код на организацията, давaща контролен номер | |
| Контролно поле | BLK |
| 005 - Дата и час на последна редакция | |
| Контролно поле | 20200730144609.0 |
| 008 - Елементи от данни с фиксирана дължина | |
| fixed length control field | 200315b bul|||||r ||||||| ||bul|| |
| 040 ## - Източник на каталожния запис | |
| Идентификатор на билиотеката - собственик на записа | BLK |
| 041 ## - Код за език | |
| Код за езика на текст/звукозапис или на отделно заглавие | Български |
| Код за езика КДБФ | Български |
| 080 ## - УДК | |
| Текстов определител УДК | Политически и национални младежки движения |
| УДК код - определител по УДК | 329.78 |
| УДК - код + определител | 329.78 |
| 139 ## - Редно поле | |
| Редна дума | Рамо до рамо със съветските комсомолци |
| 245 10 - Сведения за заглавието | |
| Заглавие | Рамо до рамо със съветските комсомолци |
| Подзаглавни данни | Очерци и разкази за живота на бълг. бригадири, работили в Съветския съюз |
| Редно поле (дума) | състав. Иван Димитров Сестримски. |
| 257 ## - Страна на издаване | |
| Страна на създаване/издаване | България |
| 260 ## - Област на издателските данни | |
| Място на издаване, разпространение и проч. | София |
| Име на издателя, разпространителя и проч. | Нар. младеж |
| Година на издаване | 1961 |
| 300 ## - Физическа характеристика | |
| Страници | 200 с. |
| Размери/Мащаб | 18,5 см |
| 380 ## - Жанр | |
| Жанр | Обществени науки |
| 500 ## - Общи забележки | |
| Забележка | Изд. и на Общонар. к-т за бълг.-съветска дружба. 3 100 тир. 3 лв. |
| 650 #0 - Допълнително описание по предмет – тема | |
| 9 (RLIN) | 302301 |
| Основно описание – тема или топоним | ДКМС - история |
| 651 #7 - Допълнително описание по предмет - топоним | |
| 9 (RLIN) | 179592 |
| Географско понятие | СССР |
| 653 #7 - Ключова дума – ненормативна | |
| Ключова дума | бригадири |
| 9 (RLIN) | 182430 |
| 700 1# - Други автори (авторска отговорност) | |
| Лично име | Сестримски, Иван Димитров |
| Автороска отговорност (Описва отношението между автора и произведението) | състав. |
| 9 (RLIN) | 119949 |
| 852 ## - Местоположение | |
| Форматна сигнатура | Цб І 4274 |
| Фондова буква | Хранилище |
| 856 4# - Електронен адрес и достъп | |
| Електронен формат | pdf - файл |
| Път до файла /url/ | |
| 856 4# - Електронен адрес и достъп | |
| Електронен формат | pdf - файл |
| Път до файла /url/ | |
| 999 ## - СИСТЕМНИ КОНТРОЛНИ НОМЕРА | |
| Koha biblionumber | 378043 |
| Koha biblioitemnumber | 378043 |
| 942 ## - АРТИКУЛИ | |
| Вид на библиотечния материал | Книги |
| Скрит в OPAC | Не |
| Периодичен библиозапис | Да |
| 944 ## - СЪЗДАВАНЕ И РЕДАКЦИЯ на ЗАПИСА | |
| Създаване/Редакция | Създаване |
| Дата на регистрацията/редакция | 2020-07-30 |
| Служител, извършил регистрацията/редакцията | НР |
| Код за отписване | Код за изгубен артикул | Източник на класификационната схема | Код за повреда | Коз за рестрикции | Код за отдаване | Артикулен № | Име на библиотеката - собственик | Име на библиотеката, в която се намира в момента | Статус (Текущо местоположение) | Дата на вписване в системата | Местоположение - отдел | Цена в лева | Инвентарен номер | Систематично азбучна сигнатура | Баркод | Цена в евро | Служебен тип на артикула |
|---|---|---|---|---|---|---|---|---|---|---|---|---|---|---|---|---|---|
| Не е изгубен | Universal Decimal Classification | Не е повреден | без рестрикции | ползва се в читалня | 787257 | Регионална библиотека "Любен Каравелов" Русе | Регионална библиотека "Любен Каравелов" Русе | Хранилище | 2020-07-31 | Хранилище | 0.30 | 10158/61 | Цб І 4274 | 900000026584 | 0.15 | Книги |